00328 a2200121 4500040001300000082001100013100001700024245007500041260001900116300001200135650004200147700001700189 aDLCbDLC a297.63 aAbdul Waheed aThe personality of Allah's last messenger Muhammad (BUH)cAbdul Waheed aKarachicc2011 axii, 96 aPersonality of Hazrat Muhammad (PBUH) aAbdul Waheed